| 000 | 00593nam a2200169 a 4500 | ||
|---|---|---|---|
| 008 | 120416s1970 ||||||||||||||||| || u | ||
| 050 | _aGN 490 Kup | ||
| 100 | _aKuper, Adam | ||
| 245 | 1 | 0 | _aKalahari village politics: an African democracy |
| 260 |
_aCambridge _bThe University Press _c1970 |
||
| 300 | _axii, 191p. : ill. | ||
| 350 | _a0.00 | ||
| 650 | _aDEMOCRACY | ||
| 650 | _aDEMOCRACY--AFRICA | ||
| 650 | _aDEMOCRACY--KALAHARI | ||
| 995 |
_D0.00 _FCBU-MAIN LIBRARY (Kitwe) _H1 _I6.95 _M1 _UAVAILABLE _ZMain Library Open Access Collection |
||
| 999 |
_c48550 _d48550 |
||